000 00596nam a2200205 i 4500
001 122037
003 ES-MaACL
005 20250903011200.0
007 t|
008 070214s1963 sp r ||||1| spa d
100 1 _aPostigo García, Luis.
_993363
245 1 0 _aMatemáticas /
_cLuis Postigo García.
260 _aBarcelona :
_bRamón Sopena,
_c1963.
300 _a880 p. :
_bIL. ;
_c21 cm.
490 1 _aBiblioteca hispana
650 0 7 _aMatemáticas
_2embne
_914814
830 0 _aBiblioteca hispana
_9183296
852 _aES-MaACL
_jC-22986
_bR.51690
999 _c122037
_d122037